00332cam a22001097a 4500008004000000082001500040100001700055245007400072260003600146300000900182650003100191180718b1977 xxu||||| |||| 00| 0 eng d aT0x47 M697 aMitra, Ashok aTerms of exchange and accumulation: the Soviet debatecby Ashok Mitra aNew DelhibOrient Longmanc1977 a39p. aU.S.S.R.- Economic history